000 00749nas a2200277 4500
001 BR5600078
003 BR-BrBNA
005 20231205081957.0
007 ta
008 230509b bl.|||p| |||| 00| 00por d
040 _aBR-BrBNA
_bpor
_cBiblioteca Nacional de Agricultura
041 _a(Pt)
072 _aE15; E70
100 1 _aRenner, E.
245 1 _aO imposto de venda e as cooperativas
650 _aMicroeconomia
650 _aComercializacao
650 _aCooperativa de consumo
650 _aCapital
650 _aImposto
650 _aLucro
650 _aVenda
773 0 _tSul - Coop. Cooperativismo (Brazil)
_x
_g(Jul 1956), v. 8(39) p. 5, 18
_wBR5600078
909 _a202311
_bLúcia
_c55
_dLúcia Elande
942 _2AGRIS
_n0
_cANA
999 _c88287
_d88287